000 00263nam a22001217a 4500
008 170203b xxu||||| |||| 00| 0 eng d
041 _aeng
080 _223RD
_a61
100 _a3
101 _aSHM
245 _aMEDICAL DICTIONARY
_cSAUNDERS, W.B
942 _2udc
_cBK
999 _c4474
_d4474